000 00408nam a2200181Ia 4500
003 LK-CoDNM
008 010623t1885 xxu||||| |||| 00| 1 eng d
040 _aLK-CoDNM
_dLK-CoDNM
_eLK-CoDNM
041 _aeng
080 _a7 J.14
100 _aTemple,R.C.
_eed.
245 _aPanjab Notes Queries
260 _b
_c1885
300 _b12p., 26 cm
650 _aFolklore
650 _aReligion
942 _cBK
999 _c82597
_d82597